[Event "SVK-chT2A 2223"]
[Site "Slovakia"]
[Date "2023.01.15"]
[Round "7.4"]
[White "Syrovy, Ivan"]
[Black "Kapolkova, Greta"]
[Result "1-0"]
[WhiteElo "2002"]
[BlackElo "1723"]
[PlyCount "67"]
[EventDate "2022.10.08"]
[EventType "team-tourn"]
[EventRounds "11"]
[EventCountry "SVK"]
[SourceTitle "EXT 2024"]
[Source "ChessBase"]
[SourceDate "2023.10.10"]
[SourceVersion "1"]
[SourceVersionDate "2023.10.10"]
[SourceQuality "1"]
[WhiteTeam "Pezinok"]
[BlackTeam "Modra II"]
[WhiteTeamCountry "SVK"]
[BlackTeamCountry "SVK"]

1. d4 d5 2. Bf4 Bf5 3. Nc3 Nc6 4. Nb1 Nb8 5. c3 c6 6. Nd2 Qb6 7. Qb3 Qxb3 8. axb3 Nd7 9. f3 f6 10. e4 e5 11. Bg3 Bg6 12. exd5 cxd5 13. Bb5 Bd6 14. Ne2 Ne7 15. 0-0 a6 16. b4 Rd8 17. Ba4 0-0 18. Rfe1 Nf5 19. Bb3 Nb6 20. Bf2 Kh8 21. dxe5 Nc4 22. Bxc4 fxe5 23. Bb3 Bc7 24. Ng3 Ne7 25. Bc5 Rf7 26. Ndf1 Nc6 27. Ne3 b6 28. Bxd5 Rxd5 29. Nxd5 bxc5 30. Rxa6 Nb8 31. Ra8 Bd6 32. Ne4 Bxe4 33. Rxe4 Rf8 34. Rc4 1-0

[Event "Skalica op-B"]
[Site "Skalica"]
[Date "2022.08.28"]
[Round "9"]
[White "Travnicek, Jaroslav1111"]
[Black "Kapolkova, Greta"]
[Result "1/2-1/2"]
[WhiteElo "1747"]
[BlackElo "1757"]
[PlyCount "69"]
[EventDate "2022.08.20"]
[EventType "swiss"]
[EventRounds "9"]
[EventCountry "SVK"]
[SourceTitle "CBM 209 Extra"]
[Source "ChessBase"]
[SourceDate "2022.09.30"]
[SourceVersion "1"]
[SourceVersionDate "2022.09.30"]
[SourceQuality "1"]

1. e4 e5 2. Nf3 Nc6 3. Bb5 Nf6 4. 0-0 Nxe4 5. d4 Nd6 6. Bxc6 dxc6 7. dxe5 Nf5 8. Qxd8+ Kxd8 9. Rd1+ Ke8 10. h3 Bc5 11. Nc3 h6 12. Na4 Bf8 13. g4 Ne7 14. Nc3 h5 15. Nh2 hxg4 16. hxg4 Ng6 17. Kg2 Be7 18. f4 Bd7 19. Be3 Rd8 20. Rd2 Bc8 21. Rad1 Rxd2+ 22. Rxd2 b6 23. a3 Nh4+ 24. Kg3 Ng6 25. Nf3 f6 26. exf6 Bxf6 27. Bd4 Bxd4 28. Nxd4 Rh1 29. Nxc6 Bd7 30. Nxa7 Rg1+ 31. Rg2 Rxg2+ 32. Kxg2 Nxf4+ 33. Kf3 Ng6 34. Nab5 Kd8 35. g5 1/2-1/2

[Event "Skalica op-B"]
[Site "Skalica"]
[Date "2022.08.22"]
[Round "3"]
[White "Maly, Jiri2222"]
[Black "Kapolkova, Greta"]
[Result "0-1"]
[WhiteElo "1381"]
[BlackElo "1757"]
[PlyCount "84"]
[EventDate "2022.08.20"]
[EventType "swiss"]
[EventRounds "9"]
[EventCountry "SVK"]
[SourceTitle "CBM 209 Extra"]
[Source "ChessBase"]
[SourceDate "2022.09.30"]
[SourceVersion "1"]
[SourceVersionDate "2022.09.30"]
[SourceQuality "1"]

1. e4 e5 2. Nf3 Nc6 3. d4 exd4 4. Bc4 Nf6 5. e5 d5 6. Bb5 Ne4 7. Nxd4 Bd7 8. Bxc6 bxc6 9. 0-0 Bc5 10. Be3 Bb6 11. f3 Ng5 12. f4 Ne4 13. Nd2 Nxd2 14. Qxd2 0-0 15. f5 c5 16. Ne2 d4 17. Bg5 Qe8 18. f6 Qxe5 19. fxg7 Rfe8 20. Rae1 c4 21. Kh1 Bc6 22. Ng3 Qd5 23. Rxe8+ Rxe8 24. Nh5 Re6 25. Nf6+ Rxf6 26. Bxf6 Bc5 27. a3 a6 28. Qg5 Qxg5 29. Bxg5 Kxg7 30. Rd1 Be4 31. Bf4 Bxc2 32. Rd2 d3 33. g3 Bd4 34. Kg2 Bxb2 35. Kf3 c3 36. Rxc2 dxc2 37. a4 c1Q 38. Bxc1 Bxc1 39. Ke2 Bd2 40. g4 Kg6 41. h3 Kg5 42. Kd1 h5 0-1

[Event "Skalica op-B"]
[Site "Skalica"]
[Date "2022.08.21"]
[Round "2"]
[White "Kapolkova, Greta"]
[Black "Polansky, Matej"]
[Result "1-0"]
[WhiteElo "1757"]
[BlackElo "1251"]
[PlyCount "53"]
[EventDate "2022.08.20"]
[EventType "swiss"]
[EventRounds "9"]
[EventCountry "SVK"]
[SourceTitle "CBM 209 Extra"]
[Source "ChessBase"]
[SourceDate "2022.09.30"]
[SourceVersion "1"]
[SourceVersionDate "2022.09.30"]
[SourceQuality "1"]

1. e4 e5 2. Nf3 Nc6 3. Nc3 Bb4 4. Bb5 d6 5. 0-0 Nf6 6. Nd5 Nxd5 7. exd5 a6 8. Ba4 b5 9. dxc6 bxa4 10. c3 e4 11. Re1 0-0 12. Rxe4 Bc5 13. d4 Bb6 14. Rh4 Bf5 15. Rf4 Bg6 16. Nh4 Qg5 17. Nxg6 Qxg6 18. Rg4 Qh5 19. Rxg7+ Kxg7 20. Qxh5 Kh8 21. Qh4 f6 22. Bh6 Rf7 23. Re1 Rg8 24. Qh5 Rg6 25. Re8+ Rg8 26. Qxf7 f5 27. Qxg8# 1-0

[Event "SVK-ch U16/18 Girls"]
[Site "Stara Lubovna"]
[Date "2022.05.26"]
[Round "7"]
[White "Kapolkova, Greta"]
[Black "Bochnickova, Simona"]
[Result "1-0"]
[WhiteElo "1644"]
[BlackElo "1931"]
[PlyCount "35"]
[EventDate "2022.05.21"]
[EventType "swiss"]
[EventRounds "9"]
[EventCountry "SVK"]
[SourceTitle "CBM 208 Extra"]
[Source "ChessBase"]
[SourceDate "2022.07.31"]
[SourceVersion "1"]
[SourceVersionDate "2022.07.31"]
[SourceQuality "1"]

1. e4 e5 2. Nf3 Nc6 3. Nc3 Nf6 4. Bb5 Bb4 5. 0-0 0-0 6. d3 d6 7. Bg5 Bxc3 8. bxc3 Ne7 9. Bxf6 gxf6 10. Nh4 Ng6 11. Nxg6 hxg6 12. f4 c6 13. Ba4 Kg7 14. f5 g5 15. h4 Qb6+ 16. d4 Qa5 17. hxg5 Qxa4 18. Qh5 1-0

[Event "SVK-ch U16/18 Girls"]
[Site "Stara Lubovna"]
[Date "2022.05.23"]
[Round "3"]
[White "Kapolkova, Greta"]
[Black "Carnecka, Stella"]
[Result "1-0"]
[WhiteElo "1644"]
[BlackElo "1648"]
[PlyCount "71"]
[EventDate "2022.05.21"]
[EventType "swiss"]
[EventRounds "9"]
[EventCountry "SVK"]
[SourceTitle "CBM 208 Extra"]
[Source "ChessBase"]
[SourceDate "2022.07.31"]
[SourceVersion "1"]
[SourceVersionDate "2022.07.31"]
[SourceQuality "1"]

1. e4 c5 2. Nf3 Nc6 3. c3 Nf6 4. Qc2 d5 5. e5 Ng4 6. d4 cxd4 7. cxd4 g6 8. Bb5 Qb6 9. Nc3 Bg7 10. Nxd5 Bf5 11. Nxb6 Bxc2 12. Nxa8 Kd8 13. Ng5 Nh6 14. Bxc6 bxc6 15. e6 f6 16. Nf3 Bf5 17. Bf4 g5 18. Bg3 Bxe6 19. Nc7 Bf7 20. Rc1 Nf5 21. Rxc6 Nxg3 22. hxg3 Kd7 23. Rc1 h6 24. Nb5 Rb8 25. Nc3 Rxb2 26. 0-0 g4 27. Nh4 Bf8 28. Rb1 Rc2 29. Rfc1 Rd2 30. Rb7+ Ke6 31. Re1+ Kd6 32. Rxa7 Rd3 33. Nf5+ Kc6 34. Re3 Rxe3 35. fxe3 Bg6 36. Nxe7+ 1-0

[Event "SVK-chT1W 2122"]
[Site "Slovakia"]
[Date "2022.05.15"]
[Round "11.8"]
[White "Kapolkova, Greta"]
[Black "Compel, Daniel"]
[Result "0-1"]
[WhiteElo "1644"]
[BlackElo "2106"]
[PlyCount "152"]
[EventDate "2021.11.06"]
[EventType "team-tourn"]
[EventRounds "11"]
[EventCountry "SVK"]
[SourceTitle "EXT 2023"]
[Source "ChessBase"]
[SourceDate "2022.10.05"]
[SourceVersion "1"]
[SourceVersionDate "2022.10.05"]
[SourceQuality "1"]
[WhiteTeam "Bratislava KSN"]
[BlackTeam "Bratislava Slovan II"]
[WhiteTeamCountry "SVK"]
[BlackTeamCountry "SVK"]

1. e4 c5 2. Nf3 d6 3. d4 cxd4 4. Nxd4 Nf6 5. Nc3 Nc6 6. Be3 e6 7. Be2 Be7 8. Bf3 Ne5 9. Be2 0-0 10. f4 Nc6 11. Qd3 a6 12. a3 Qc7 13. Nb3 b5 14. h4 b4 15. axb4 Nxb4 16. Qd2 d5 17. e5 Ne4 18. Nxe4 Nxc2+ 19. Kf2 Nxa1 20. Nxa1 dxe4 21. Nc2 Bb7 22. Nd4 Bd5 23. h5 f6 24. Bg4 fxe5 25. Bxe6+ Bxe6 26. Nxe6 exf4 27. Nxc7 fxe3+ 28. Kxe3 Bg5+ 29. Ke2 Bxd2 30. Nxa8 Bf4 31. Nb6 Rb8 32. Na4 Rb4 33. Ra1 Rd4 34. Nc3 Rd2+ 35. Kf1 e3 36. Ne2 Be5 37. g4 Rd6 38. Ra3 Bxb2 39. Rxe3 Rd8 40. Rb3 Bf6 41. Ra3 Ra8 42. Nf4 Be7 43. Ra4 a5 44. Nd5 Bc5 45. Ke2 Rd8 46. Nc7 Bb6 47. Nb5 Rd5 48. Nc3 Rd4 49. Rxd4 Bxd4 50. Na4 Kf7 51. Kd3 Bf6 52. Ke4 Be7 53. Ke5 Bb4 54. Nb6 Bc3+ 55. Kf5 Bd4 56. Na4 Ke7 57. Ke4 Bf2 58. Kf5 Kd6 59. h6 gxh6 60. Ke4 Kc6 61. Kd3 Bh4 62. Kc4 Bf6 63. Nc5 Be7 64. Na4 Bb4 65. Nb2 Kd6 66. Kd4 Ke6 67. Ke4 Kf6 68. Na4 Kg5 69. Kf3 h5 70. gxh5 Kxh5 71. Kg3 Kg5 72. Kh3 h5 73. Kg3 Bd6+ 74. Kh3 Be5 75. Nb6 Bd4 76. Na4 Kf5 0-1

[Event "EU-ch Schools U15 Girls"]
[Site "Tornelo INT"]
[Date "2021.12.05"]
[Round "6"]
[White "Kapolkova, Greta"]
[Black "Brinovec, Lucy"]
[Result "1-0"]
[WhiteElo "1570"]
[BlackElo "1311"]
[PlyCount "99"]
[EventDate "2021.12.03"]
[EventType "swiss (rapid)"]
[EventRounds "7"]
[EventCountry "NET"]
[SourceTitle "EXT 2023"]
[Source "ChessBase"]
[SourceDate "2022.10.05"]
[SourceVersion "1"]
[SourceVersionDate "2022.10.05"]
[SourceQuality "1"]

1. e4 e5 2. Nf3 Nc6 3. Nc3 Nf6 4. Bb5 d6 5. d4 exd4 6. Nxd4 Bd7 7. Nxc6 Bxc6 8. Bxc6+ bxc6 9. 0-0 Be7 10. Qf3 h6 11. e5 Nd7 12. exd6 cxd6 13. Qxc6 0-0 14. Qf3 Ne5 15. Qg3 Bh4 16. Qe3 Bg5 17. Qe2 Bf6 18. Nd5 Re8 19. Nxf6+ Qxf6 20. Qd1 Rac8 21. Be3 Qh4 22. c3 Ng4 23. h3 Nxe3 24. fxe3 Qg3 25. Qf3 Qg6 26. Rad1 Rcd8 27. Rd2 Qe6 28. Rdf2 Rd7 29. Qc6 Rde7 30. Qf3 Qxa2 31. Qf4 Qe6 32. Qd4 d5 33. b3 Rd8 34. Rf3 a5 35. Rg3 f6 36. Rgf3 Rb8 37. Qa4 Qb6 38. Qd4 Qxb3 39. Rf5 Rd7 40. Qf4 a4 41. Ra1 a3 42. Rxa3 Qxa3 43. Qxb8+ Kh7 44. Qc8 Rd6 45. Rf3 Qc1+ 46. Kh2 Qa1 47. Qc7 Qa6 48. Rg3 Rd7 49. Qxd7 Kh8 50. Qxg7# 1-0

[Event "EU-ch Schools U15 Girls"]
[Site "Tornelo INT"]
[Date "2021.12.03"]
[Round "2"]
[White "Kapolkova, Greta"]
[Black "Macharashvili, Ana"]
[Result "1/2-1/2"]
[WhiteElo "1570"]
[BlackElo "1267"]
[PlyCount "135"]
[EventDate "2021.12.03"]
[EventType "swiss (rapid)"]
[EventRounds "7"]
[EventCountry "NET"]
[SourceTitle "EXT 2023"]
[Source "ChessBase"]
[SourceDate "2022.10.05"]
[SourceVersion "1"]
[SourceVersionDate "2022.10.05"]
[SourceQuality "1"]

1. e4 e5 2. Nf3 Nc6 3. Nc3 Nf6 4. Bb5 Bb4 5. 0-0 0-0 6. d3 h6 7. Bxc6 Bxc3 8. bxc3 bxc6 9. Nxe5 Re8 10. Nf3 d5 11. e5 Nd7 12. d4 Nb6 13. Bf4 Nc4 14. h3 Bf5 15. Nd2 Na3 16. Rc1 Qh4 17. Bg3 Qg5 18. Nf3 Qg6 19. Nh4 Bxc2 20. Nxg6 Bxd1 21. Rfxd1 fxg6 22. Rd3 g5 23. Re3 Nc4 24. Re2 Kf7 25. Rce1 Ke6 26. Rb1 Rab8 27. Rxb8 Rxb8 28. Kh2 a5 29. h4 gxh4 30. Bxh4 g5 31. Bg3 Rb2 32. Rxb2 Nxb2 33. f4 Nd1 34. fxg5 hxg5 35. Be1 c5 36. Bd2 a4 37. Kg3 cxd4 38. cxd4 c5 39. dxc5 Kxe5 40. Bxg5 d4 41. Kf3 Kd5 42. c6 Kxc6 43. Bd2 Kd5 44. Ke2 Nb2 45. Bc1 Nc4 46. g4 Ne5 47. g5 Ke4 48. Kd1 Kf5 49. Kc2 Nf3 50. Kd3 Nxg5 51. Bxg5 Kxg5 52. Kxd4 Kf5 53. Kc5 Ke5 54. a3 Ke6 55. Kc6 Ke5 56. Kb5 Kd5 57. Kxa4 Kc4 58. Ka5 Kc5 59. Ka6 Kc6 60. a4 Kc5 61. a5 Kc6 62. Ka7 Kc7 63. Ka8 Kc8 64. Ka7 Kc7 65. a6 Kc8 66. Kb6 Kb8 67. a7+ Ka8 68. Ka6 1/2-1/2

[Event "EU-ch Schools U15 Girls"]
[Site "Tornelo INT"]
[Date "2021.12.03"]
[Round "1"]
[White "Kapolkova, Greta"]
[Black "Mihelic, Vesna"]
[Result "0-1"]
[WhiteElo "1570"]
[BlackElo "1875"]
[PlyCount "80"]
[EventDate "2021.12.03"]
[EventType "swiss (rapid)"]
[EventRounds "7"]
[EventCountry "NET"]
[SourceTitle "EXT 2023"]
[Source "ChessBase"]
[SourceDate "2022.10.05"]
[SourceVersion "1"]
[SourceVersionDate "2022.10.05"]
[SourceQuality "1"]

1. e4 e5 2. Nf3 Nc6 3. Bb5 g6 4. c3 a6 5. Ba4 d6 6. d4 Bd7 7. 0-0 Bg7 8. a3 Nge7 9. Be3 0-0 10. Nbd2 b5 11. Bb3 h6 12. Qe2 Kh7 13. Rad1 exd4 14. Nxd4 f5 15. exf5 Nxf5 16. Nxf5 Rxf5 17. Nf3 Ne5 18. Nxe5 Rxe5 19. Bd5 c6 20. Bf3 d5 21. Qc2 Bf5 22. Qd2 Be4 23. Bxe4 Rxe4 24. Qc2 Qh4 25. Bd4 Rae8 26. Bxg7 Kxg7 27. Rd4 Qe7 28. Rxe4 Qxe4 29. Qxe4 Rxe4 30. f3 Re2 31. Rf2 Re3 32. Kf1 Kf6 33. Re2 Re5 34. Kf2 c5 35. f4 Rxe2+ 36. Kxe2 h5 37. h3 Kf5 38. Kf3 h4 39. b4 d4 40. bxc5 dxc3 0-1